Cẩm nang quản lý tài chính

محفوظ في:
التفاصيل البيبلوغرافية
المؤلف الرئيسي: Nguyễn, Hữu Ngọc
التنسيق: كتاب
اللغة:Undetermined
منشور في: Hà Nội Lao động - Xã hội 2006
الموضوعات:
الوسوم: إضافة وسم
لا توجد وسوم, كن أول من يضع وسما على هذه التسجيلة!
Thư viện lưu trữ: Trung tâm Học liệu Trường Đại học Cần Thơ
LEADER 00533nam a2200181Ia 4500
001 CTU_103519
008 210402s9999 xx 000 0 und d
082 |a 657 
082 |b Ng419 
100 |a Nguyễn, Hữu Ngọc 
245 0 |a Cẩm nang quản lý tài chính 
245 0 |c Nguyễn Hữu Ngọc 
260 |a Hà Nội 
260 |b Lao động - Xã hội 
260 |c 2006 
650 |a Accounting,Managerial accounting 
904 |i Năm 
980 |a Trung tâm Học liệu Trường Đại học Cần Thơ